Rivers With Dolphins living in it - Statistics

General Stats
  • This quiz has been taken 23 times
  • The average score is 5 of 9
Answer Stats
River % Correct
Amazon
100%
Yangtze
73%
Ganges
68%
Indus
55%
Mekong
55%
Orinoco
55%
Brahmaputra
41%
Mahakam
9%
Meghna
5%
No matching quizzes found
Score Distribution
Percent of People with Each Score
Percentile by Number Answered
Your Score History
You have not taken this quiz